I più grandi oggetti nel Sistema Solare - Statistics

Statistiche generali
  • Questo quiz è stato fatto 1.835 volte
  • Il punteggio medio è 14 su 35
Risposte nella Mappa
Le risposte nella mappa del quiz sottostante sono codificate secondo una scala di colori dal rosso al verde in base alla % di persone che hanno risposto correttamente.
 
Statistiche sulle risposte
Tipo Raggio medio (km) Risposta % Corretto
Pianeta 6,371.0 Terra
100%
Pianeta 3,389.5 Marte
98%
Pianeta 58,232 Saturno
98%
Pianeta 69,911 Giove
97%
Satellite 1,737.5 Luna
97%
Pianeta 2,439.4 Mercurio
95%
Pianeta 6,051.8 Venere
95%
Pianeta 24,622 Nettuno
92%
Stella 695,508 Sole
90%
Pianeta nano 1,188.3 Plutone
89%
Pianeta 25,362 Urano
89%
Satellite 1,560.8 Europa
59%
Satellite 1,821.6 Io
56%
Satellite 2,634.1 Ganimede
34%
Satellite 2,410.3 Callisto
31%
Satellite 2,574.7 Titano
28%
Pianeta nano 469.7 Cerere
17%
Satellite 1,353.4 Tritone
14%
Satellite 606.0 Caronte
12%
Pianeta nano 1,163 Eris
12%
Pianeta nano 715 Makemake
10%
Satellite 578.9 Ariel
9%
Satellite 788.9 Titania
9%
Satellite 735.6 Giapeto
8%
Pianeta nano 780 (ellipsoide) Haumea
8%
Satellite 761.4 Oberon
8%
Satellite 763.8 Rea
8%
Satellite 533.0 Teti
8%
Satellite 561.7 Dione
7%
Oggetto transnettuniano ~453 Sedna
7%
Satellite 584.7 Umbriel
7%
Pianeta nano? ~615 Gonggong
5%
Cubewano 543 Quaoar
5%
Cubewano, Plutino ~455 Orco
4%
Cubewano ~423 Salacia
4%
Nessun quiz corrispondente trovato
Distribuzione punteggi
Percentuale di utenti per punteggio
Percentile per numero di risposta
I tuoi punteggi nel tempo
Non hai fatto questo quiz